Working with wildlife (Record no. 85445)
[ view plain ]
| 000 -LEADER | |
|---|---|
| fixed length control field | 01262cam a22002895a 4500 |
| 001 - CONTROL NUMBER | |
| control field | L139908 |
| 008 - FIXED-LENGTH DATA ELEMENTS--GENERAL INFORMATION | |
| fixed length control field | 070820s2004 xxk f 000 0 eng d |
| 020 ## - INTERNATIONAL STANDARD BOOK NUMBER | |
| International Standard Book Number | 0860175871 |
| 035 ## - SYSTEM CONTROL NUMBER | |
| System control number | (Sirsi) u139908 |
| 041 0# - LANGUAGE CODE | |
| Language code of text/sound track or separate title | eng |
| 050 04 - LIBRARY OF CONGRESS CALL NUMBER | |
| Classification number | 333.72 $2 18 |
| 100 1# - MAIN ENTRY--PERSONAL NAME | |
| Personal name | Newton, J |
| 245 00 - TITLE STATEMENT | |
| Title | Working with wildlife |
| Remainder of title | a resource and training pack for the construction industry |
| Medium | [electronic resource] |
| 260 ## - PUBLICATION, DISTRIBUTION, ETC. | |
| Place of publication, distribution, etc. | London |
| Name of publisher, distributor, etc. | CIRIA |
| Date of publication, distribution, etc. | 2004 |
| 300 ## - PHYSICAL DESCRIPTION | |
| Extent | 1 |
| Type of unit | CD-ROM |
| 490 #0 - SERIES STATEMENT | |
| Series statement | CIRIA |
| Volume/sequential designation | C587 |
| 505 2# - FORMATTED CONTENTS NOTE | |
| Formatted contents note | How to use this pack -- Introduction to ecology and construction -- Background to ecology -- Basic ecological concepts -- Ecology and construction -- Survey and assessment -- Legislation, planning policy and guidance - Who?s who in ecology -- Where next?--Training and supporting materials |
| 520 ## - SUMMARY, ETC. | |
| Summary, etc. | Aims to help environmental assessors and managers in the construction industry to stay within the law, and to understand and implement good practice in relation to wildlife on development and construction projects. |
| 651 #4 - SUBJECT ADDED ENTRY--GEOGRAPHIC NAME | |
| Geographic name | United Kingdom |
| Chronological subdivision | |
| 690 ## - LOCAL SUBJECT ADDED ENTRY--TOPICAL TERM (OCLC, RLIN) | |
| Topical term or geographic name as entry element | BUILDING ENVIRONMENT-SUSTAINABLE CONSTRUCTION |
| 700 1# - ADDED ENTRY--PERSONAL NAME | |
| Personal name | Williams, C |
| 700 1# - ADDED ENTRY--PERSONAL NAME | |
| Personal name | Nicholson, B |
| 700 1# - ADDED ENTRY--PERSONAL NAME | |
| Personal name | Venables, R. |
| 700 1# - ADDED ENTRY--PERSONAL NAME | |
| Personal name | Willets, R |
| 700 1# - ADDED ENTRY--PERSONAL NAME | |
| Personal name | Moser, B |
| 942 ## - ADDED ENTRY ELEMENTS (KOHA) | |
| Suppress in OPAC | 0 |
| Withdrawn status | Lost status | Source of classification or shelving scheme | Damaged status | Not for loan | Home library | Current library | Shelving location | Date acquired | Total Checkouts | Full call number | Barcode | Date last seen | Copy number | Price effective from | Koha item type |
|---|---|---|---|---|---|---|---|---|---|---|---|---|---|---|---|
| Dewey Decimal Classification | London | London | Enquiry desk | 20/08/2007 | CD-ROM BOX | 30072247 | 06/08/2019 | 1 | 06/08/2019 | Book |